| 000 | 00765nam a2200289Ia 4500 | ||
|---|---|---|---|
| 008 | 160803s9999 xx 000 0 und d | ||
| 020 | _a978-1416986744 | ||
| 100 | _aBaskin, Nora Raleigh | ||
| 245 | 4 | _aThe summer before boys / | |
| 245 | _cNora Raleigh Baskin. | ||
| 260 | _aNew York : | ||
| 260 | _bScholastic Inc. | ||
| 260 | _c2011 | ||
| 300 | _a196 pages ; | ||
| 300 | _c20 cm | ||
| 650 | _aBest friends -- | ||
| 650 | _aFamilies of military personnel -- | ||
| 650 | _aFriendship -- | ||
| 650 | _aInterpersonal relations -- | ||
| 650 | _aPreteens -- | ||
| 650 | _xJuvenile fiction. | ||
| 650 | _xJuvenile fiction. | ||
| 650 | _xJuvenile fiction. | ||
| 650 | _xJuvenile fiction. | ||
| 650 | _xJuvenile fiction. | ||
| 700 | _a720 | ||
| 999 |
_c298426 _d298426 |
||